000 00727nam a22002177a 4500
005 20250404121021.0
008 250404b |||||||| |||| 00| 0 eng d
020 _a978-1-3501-8015-4 (pbk)
037 _cTB
040 _aAL
_cAL
041 _2eng
_aeng
084 _aO111:g R3
_qAL
245 _aContemporary literature and the body:
_bA critical introduction
260 _aLondon, UK:
_bBloomsbury Academic,
_c2023.
300 _aix, 250p.
365 _b19.99
_cUKP
650 _aEnglish Literature
700 _aHall, Alice (Editor)
_9751844
942 _2CC
_cTB
_hO111:g R3
_n0
999 _c1308463
_d1308463